000 00312nam a22001217a 4500
008 190311b xxu||||| |||| 00| 0 eng d
041 _aeng
080 _a043.3
100 _a0
101 _aMBE-BA
245 _aNdikimi i institucioneve financiare në zhvillimin Ekonomik të Kosovës
_cKuqi,A
942 _2udc
_cBK
999 _c54678
_d54678